000 00648nam a2200253Ia 4500
003 OSt
005 20221007064707.0
006 a|||||r|||| 00| 0
007 ta
008 221006b |||||||| |||| 00| 0 eng d
020 _cRs.20/-
024 _a3,363
037 _cTextual
040 _aFLL
_cFLL
_beng
041 _2eng
_aeng
082 _aZ3, K3
100 _aHolmes Oliver wendell
_954298
245 0 _aCommon law
260 _aDelhi
_bLight & life publishers India
_c1963
300 _axvi,422
_ccm.
650 _aCommon law
_9686183
942 _hZ3, K3
_cTEXL
_2CC
999 _c1135048
_d1135048